[Event "22nd European Teams"]
[Site "Batumi GEO"]
[Date "2019.10.30"]
[Round "6.2"]
[Board "4"]
[White "Guseinov, Gadir"]
[Black "Meier, Georg"]
[Result "1/2-1/2"]
[WhiteTitle "GM"]
[BlackTitle "GM"]
[WhiteElo "2660"]
[BlackElo "2628"]
[WhiteTeam "Azerbaijan"]
[BlackTeam "Germany"]
[WhiteFideId "13401378"]
[BlackFideId "4675789"]
[EventDate "2019.10.24"]

1. e4 e6 2. d4 d5 3. Nd2 c5 4. Ngf3 cxd4 5. exd5 Qxd5 6. Bc4 Qd7 7. O-O Nc6 8.
Nb3 Nf6 9. Nbxd4 Nxd4 10. Nxd4 a6 11. Bg5 b5 12. Bb3 Bb7 13. c3 Ne4 14. Qh5 g6
15. Qh4 Nxg5 16. Qxg5 Be7 17. Qe5 O-O-O 18. a4 b4 19. cxb4 Qd6 20. Nf3 Bxf3 21.
Qc3+ Qc6 22. Rac1 Qxc3 23. Rxc3+ Kb7 24. Rxf3 Rhf8 25. b5 axb5 26. axb5 Rd2 27.
g3 Rxb2 28. Ra1 Bc5 29. Bc4 f5 30. Bxe6 Rxb5 31. Rd1 Rf6 32. Bg8 h6 33. Kg2 Rb2
34. h4 Kc7 35. Rc1 Kb6 36. Re1 Kc7 37. Rc1 Kb6 38. Re1 Kc7 39. Re5 Bd4 40. Re7+
Kd6 41. Rg7 Re6 42. Bxe6 Bxg7 43. Bf7 g5 44. hxg5 hxg5 45. Rxf5 Ke7 46. Bh5 Bd4
47. Kf1 Rb1+ 48. Ke2 Rb2+ 49. Ke1 Bf6 50. Rd5 Ke6 51. Rd3 Be7 52. Bg4+ Kf6 53.
Rd5 Bb4+ 54. Kf1 Bc3 55. Rd6+ Kf7 56. Bh5+ Ke7 57. Rd5 Kf6 58. Be2 Rd2 59. Rc5
Bd4 60. Rc6+ Kf7 61. Rc4 Bb6 62. Rb4 Bc5 63. Re4 Kf6 64. Kg2 Bd4 65. Kf1 Kf5 66.
Re8 Kf6 67. Rf8+ Ke7 68. Rf5 Bf6 69. Rc5 Kd6 70. Rc4 Be5 71. Rg4 Bf6 72. Re4 Rd4
73. Re3 Rd2 74. Kg2 Rd5 75. Bc4 Re5 76. Ra3 Rc5 77. Bd3 Rc3 78. Ra6+ Rc6 79. Ra4
Bc3 80. Kh3 Ke5 81. f3 Rd6 82. Be4 Bd2 83. Kg4 Kf6 84. Rc4 Be3 85. Rc3 Bd2 86.
Rc2 Be3 87. Rh2 Bd2 88. Rh6+ Ke7 89. Rh7+ Kf6 90. Kh5 Be1 91. g4 Bd2 92. Bg6 Ke5
93. Re7+ Kf4 94. Be4 Rd8 95. Rf7+ Kg3 96. Kg6 Be3 97. Rb7 Bd2 98. Rb5 Be3 99.
Kf6 Rd6+ 100. Kf5 Bf4 101. Rb3 Rh6 102. Rb5 Rd6 103. Rb8 Rd7 104. Rg8 Ra7 105.
Kg6 Ra6+ 106. Kh5 Ra5 107. Rc8 Re5 108. Rf8 Rc5 109. Kg6 Re5 110. Kh5 Rc5 111.
Re8 Ra5 112. Rc8 Re5 113. Rf8 Rc5 114. Rf5 Rc8 115. Bd5 Rd8 116. Be4 Rh8+ 117.
Kg6 Rg8+ 1/2-1/2

[Event "22nd European Teams"]
[Site "Batumi GEO"]
[Date "2019.10.30"]
[Round "6.3"]
[Board "2"]
[White "Sargissian, Gabriel"]
[Black "Sebenik, Matej"]
[Result "1-0"]
[WhiteTitle "GM"]
[BlackTitle "GM"]
[WhiteElo "2690"]
[BlackElo "2519"]
[WhiteTeam "Armenia"]
[BlackTeam "Slovenia"]
[WhiteFideId "13300881"]
[BlackFideId "14602296"]
[EventDate "2019.10.24"]

1. c4 c5 2. Nf3 g6 3. d4 cxd4 4. Nxd4 Nc6 5. e4 Bg7 6. Be3 Nf6 7. Nc3 Ng4 8.
Qxg4 Nxd4 9. Qd1 e5 10. Bd3 O-O 11. O-O d6 12. Qd2 Be6 13. Rac1 a6 14. b3 Qd7
15. Na4 Rab8 16. Nc3 Rbc8 17. Ne2 Nxe2+ 18. Bxe2 f5 19. exf5 gxf5 20. f4 Qc6 21.
Rfd1 Rcd8 22. fxe5 dxe5 23. Qxd8 Rxd8 24. Rxd8+ Bf8 25. Bf3 Qc7 26. Ra8 e4 27.
Be2 Bc8 28. c5 f4 29. Bf2 Qc6 30. Rd1 Be7 31. Bg4 1-0

[Event "22nd European Teams"]
[Site "Batumi GEO"]
[Date "2019.10.30"]
[Round "6.3"]
[Board "3"]
[White "Skoberne, Jure"]
[Black "Melkumyan, Hrant"]
[Result "1/2-1/2"]
[WhiteTitle "GM"]
[BlackTitle "GM"]
[WhiteElo "2567"]
[BlackElo "2650"]
[WhiteTeam "Slovenia"]
[BlackTeam "Armenia"]
[WhiteFideId "14604299"]
[BlackFideId "13302485"]
[EventDate "2019.10.24"]

1. Nf3 d5 2. g3 Bg4 3. Bg2 e6 4. c4 c6 5. cxd5 exd5 6. Qb3 Qb6 7. Qc2 Nf6 8. O-O
Nbd7 9. d3 Qc5 10. Qb3 Qb6 11. Qc2 Qc5 12. Qb3 Qb6 13. Qc2 Qc5 1/2-1/2

[Event "22nd European Teams"]
[Site "Batumi GEO"]
[Date "2019.10.30"]
[Round "6.3"]
[Board "4"]
[White "Martirosyan, Haik M."]
[Black "Subelj, Jan"]
[Result "1-0"]
[WhiteTitle "GM"]
[BlackTitle "FM"]
[WhiteElo "2607"]
[BlackElo "2398"]
[WhiteTeam "Armenia"]
[BlackTeam "Slovenia"]
[WhiteFideId "13306553"]
[BlackFideId "14618583"]
[EventDate "2019.10.24"]

1. Nf3 Nf6 2. g3 d5 3. Bg2 Bg4 4. c4 e6 5. cxd5 exd5 6. O-O c6 7. d3 Nbd7 8. Nc3
Bd6 9. h3 Bh5 10. e4 O-O 11. exd5 Nxd5 12. Nxd5 cxd5 13. Qb3 Nb6 14. a4 a5 15.
Be3 Bb4 16. Nd4 Re8 17. Nc2 Be2 18. Rfe1 d4 19. Nxb4 dxe3 20. Rxe2 axb4 21. Rxe3
Rxe3 22. fxe3 Qd6 23. Rf1 Qe7 24. Kh2 h5 25. Rf4 Rxa4 26. Re4 Qc7 27. Re8+ Kh7
28. Rf8 Kg6 29. Rh8 Qc1 30. Be4+ Kf6 31. Rxh5 Qd2+ 32. Bg2 Qxe3 33. Rf5+ Kxf5
34. Qxf7+ Kg5 35. Qxg7+ Kf5 36. Qf7+ Kg5 37. h4+ Kh6 38. Qf8+ Kh5 39. Bf3+ Kg6
40. Be4+ 1-0

[Event "22nd European Teams"]
[Site "Batumi GEO"]
[Date "2019.10.30"]
[Round "6.4"]
[Board "1"]
[White "Adams, Michael"]
[Black "Saric, Ivan"]
[Result "1/2-1/2"]
[WhiteTitle "GM"]
[BlackTitle "GM"]
[WhiteElo "2694"]
[BlackElo "2667"]
[WhiteTeam "England"]
[BlackTeam "Croatia"]
[WhiteFideId "400041"]
[BlackFideId "14508150"]
[EventDate "2019.10.24"]

1. e4 c5 2. Nf3 Nc6 3. Bb5 g6 4. O-O Bg7 5. c3 Nf6 6. Re1 O-O 7. d4 d5 8. e5 Ne4
9. Be3 Qb6 10. Bxc6 Qxc6 11. a4 b6 12. a5 Bd7 13. Nbd2 Bg4 14. Qc1 Nxd2 15. Nxd2
Qb5 16. h3 Bf5 17. Nf3 Be4 18. Ng5 Bf5 19. Nf3 Be4 20. Ng5 Bf5 21. Nf3 1/2-1/2

[Event "22nd European Teams"]
[Site "Batumi GEO"]
[Date "2019.10.30"]
[Round "6.4"]
[Board "2"]
[White "Bosiocic, Marin"]
[Black "McShane, Luke J"]
[Result "0-1"]
[WhiteTitle "GM"]
[BlackTitle "GM"]
[WhiteElo "2619"]
[BlackElo "2682"]
[WhiteTeam "Croatia"]
[BlackTeam "England"]
[WhiteFideId "14507927"]
[BlackFideId "404853"]
[EventDate "2019.10.24"]

1. d4 Nf6 2. Nf3 e6 3. g3 b5 4. Bg2 Bb7 5. O-O c5 6. Na3 a6 7. c4 cxd4 8. cxb5
Bxa3 9. bxa6 Bxf3 10. Bxf3 Nc6 11. bxa3 O-O 12. Bb2 d5 13. Qd3 Qb6 14. Rac1 Rxa6
15. Rc2 Nd7 16. Rfc1 Nde5 17. Qb3 Qa7 18. a4 Nc4 19. Rxc4 dxc4 20. Qxc4 Ne5 21.
Qxd4 Qxd4 22. Bxd4 Nxf3+ 23. exf3 Rxa4 24. Be3 Rxa2 25. f4 Rfa8 26. Kg2 Ra1 27.
Rc5 R1a5 28. Rc4 h6 29. h4 h5 30. Rc7 Rd5 31. Rb7 Rad8 32. Ra7 R5d7 33. Ra5 Rd5
34. Ra7 R8d7 35. Ra6 Kh7 36. Rb6 Kg6 37. Ra6 R5d6 38. Ra5 Rd5 39. Ra6 Kf5 40.
Kf3 Rb7 41. Rc6 Ra5 42. Rc4 Rab5 43. Rc6 Kf6 44. Rc4 Rd5 45. Rc6 Rb3 46. Rc4 Ra3
47. Rc6 Ra2 48. Rc4 Ra3 49. Rc6 Ra4 50. Rc7 Ra8 51. Rc6 Rb8 52. Rc7 Rbd8 53. Rc6
Ra8 54. Rc7 Rh8 55. Rc6 Rg8 56. Rc7 Rf8 57. Rc6 Re8 58. Rc7 Kg6 59. Rc6 Red8 60.
Rc7 R8d7 61. Rc6 Kf5 62. Rc4 f6 63. Rc6 Re7 64. Rc4 Rf7 65. Rc6 Rb7 66. Rc4 Ra5
67. Rc6 Rf7 68. Rc4 Rd7 69. Rc6 e5 70. fxe5 Rxe5 71. Rc4 Rb5 72. Rf4+ Kg6 73.
Rc4 Rdb7 74. Ra4 Rc7 75. Rd4 Kf7 76. Ra4 Rf5+ 77. Kg2 Rd7 78. Rb4 Rfd5 79. Kf3
Ke6 80. Rb6+ R7d6 81. Rb7 g6 82. Ra7 Rc6 83. Rb7 Rc4 84. Ra7 Rb5 85. Ra8 Kf5 86.
Rf8 Rcb4 87. Rc8 g5 88. hxg5 fxg5 89. Kg2 Ra4 90. Rg8 Kf6 91. Rh8 h4 92. Rh6+
Kg7 93. Rc6 Rf5 94. Rd6 Kf7 95. Rh6 Re5 96. gxh4 Rxh4 97. Rxh4 gxh4 98. Kh3 Rh5
99. Bf4 Ke6 100. Kg4 Rh7 101. Bh2 Kd5 102. f3 h3 103. Kg5 Kd4 104. f4 Ke4 105.
f5 Rg7+ 106. Kh4 Kf3 107. f6 Rg6 0-1

[Event "22nd European Teams"]
[Site "Batumi GEO"]
[Date "2019.10.30"]
[Round "6.4"]
[Board "3"]
[White "Howell, David W L"]
[Black "Brkic, Ante"]
[Result "1/2-1/2"]
[WhiteTitle "GM"]
[BlackTitle "GM"]
[WhiteElo "2694"]
[BlackElo "2600"]
[WhiteTeam "England"]
[BlackTeam "Croatia"]
[WhiteFideId "410608"]
[BlackFideId "14506688"]
[EventDate "2019.10.24"]

1. Nf3 d5 2. e3 Nf6 3. c4 e6 4. Nc3 c5 5. cxd5 exd5 6. d4 a6 7. g3 c4 8. Ne5 b5
9. Bg2 Bb7 10. O-O Bd6 11. b3 Nbd7 12. f4 Qc7 13. bxc4 dxc4 14. Bxb7 Qxb7 15.
Rb1 O-O 16. Nxc4 Bxf4 17. Rxf4 Qc7 18. Ba3 Rfe8 19. Qf1 bxc4 20. e4 Qa5 21. Bb4
Qb6 22. Qf2 h5 23. h3 Qe6 24. Kh2 Rab8 25. Rb2 Nf8 26. Bxf8 Rxb2 27. Qxb2 Rxf8
28. Qb7 Rd8 29. Qa7 Qd7 30. Qxd7 Rxd7 31. d5 Rb7 32. Kg2 Nd7 33. Rf2 Ne5 34. Rc2
Kf8 35. Kf2 Ke7 36. Ke3 Kd6 37. Kd4 Rb8 38. Rf2 Rb7 39. Nd1 Rb1 40. Ne3 f6 41.
Rc2 Nf3+ 42. Kxc4 Ke5 43. Re2 Ng5 44. Kd3 Nxe4 45. Nc4+ Kxd5 46. Rxe4 Rd1+ 47.
Ke2 Kxe4 48. Kxd1 Kf3 49. Nd6 Kxg3 50. Ke2 h4 51. Ne8 Kxh3 52. Kf3 Kh2 53. Kf2
Kh3 54. Nxg7 Kg4 55. Ne6 h3 56. Nc5 a5 57. a4 f5 58. Nb3 f4 59. Nd4 h2 60. Kg2
f3+ 61. Kxh2 Kf4 62. Kg1 Ke3 63. Nb3 Ke2 64. Nd4+ Ke3 65. Nb3 Ke2 66. Nd4+ 1/2-1/2

[Event "22nd European Teams"]
[Site "Batumi GEO"]
[Date "2019.10.30"]
[Round "6.4"]
[Board "4"]
[White "Martinovic, Sasa"]
[Black "Jones, Gawain C B"]
[Result "0-1"]
[WhiteTitle "GM"]
[BlackTitle "GM"]
[WhiteElo "2539"]
[BlackElo "2688"]
[WhiteTeam "Croatia"]
[BlackTeam "England"]
[WhiteFideId "14509792"]
[BlackFideId "409561"]
[EventDate "2019.10.24"]

1. d4 Nf6 2. c4 g6 3. g3 Bg7 4. Bg2 c5 5. dxc5 Qa5+ 6. Nc3 Qxc5 7. Qa4 Ng4 8.
Nh3 Bxc3+ 9. bxc3 Nc6 10. O-O Nge5 11. Nf4 d6 12. Nd5 Rb8 13. Rb1 Bd7 14. Nc7+
Kd8 15. Nd5 Qxc4 16. Qd1 Be6 17. f4 Ng4 18. h3 Qc5+ 19. e3 Nf6 20. c4 Kd7 21.
Kh2 Rhd8 22. e4 Ke8 23. Be3 Qa3 24. Qe2 Rdc8 25. Rb3 Qa4 26. Qb2 Bxd5 27. cxd5
Na5 28. Ra3 Nc4 29. Rxa4 Nxb2 30. Rxa7 Nc4 31. Bg1 Ra8 32. Rxb7 Nd2 33. Re1 Rxa2
34. Kh1 Kf8 35. Ra7 Rac2 36. g4 R8c4 37. e5 Nfe4 38. Ra3 h5 39. Rae3 Nc5 40.
gxh5 gxh5 41. exd6 exd6 42. f5 Kg7 43. Bh2 Nb7 44. Re7 Rc1 45. Rxc1 Rxc1+ 46.
Bg1 Nc5 47. Kh2 Ncb3 48. Rd7 Rc2 49. Kg3 Nc4 50. h4 Rc3+ 51. Kf2 Nc5 52. Rc7 Ne5
53. Ra7 Rc1 54. Bh3 Ncd3+ 55. Kg2 Nf4+ 56. Kg3 Ne2+ 57. Kf2 Nxg1 0-1

[Event "22nd European Teams"]
[Site "Batumi GEO"]
[Date "2019.10.30"]
[Round "6.5"]
[Board "2"]
[White "Van Foreest, Jorden"]
[Black "Yilmaz, Mustafa"]
[Result "1/2-1/2"]
[WhiteTitle "GM"]
[BlackTitle "GM"]
[WhiteElo "2621"]
[BlackElo "2595"]
[WhiteTeam "Netherlands"]
[BlackTeam "Turkey"]
[WhiteFideId "1039784"]
[BlackFideId "6302718"]
[EventDate "2019.10.24"]

1. e4 c5 2. Nf3 d6 3. d4 cxd4 4. Nxd4 Nf6 5. Nc3 a6 6. h4 e5 7. Nb3 Be7 8. Be2
Be6 9. f4 b5 10. g4 b4 11. Nd5 Nxd5 12. exd5 Bc8 13. g5 Nd7 14. Be3 a5 15. fxe5
Nxe5 16. Qd2 O-O 17. O-O-O Bb7 18. Kb1 Qd7 19. Rhf1 Rfc8 20. Rf4 Bd8 21. Nd4 Bb6
22. h5 Bxd5 23. g6 hxg6 24. hxg6 Nxg6 25. Bg4 Qe8 26. Rf2 Rc7 27. Nf5 Bxe3 28.
Nxe3 Be4 29. Bf5 d5 30. Rh2 Ra6 31. Rh5 Rac6 32. Bxe4 dxe4 33. Rdh1 Rc5 34. Nd5
Rc8 35. Qd4 Rxc2 36. Nf6+ gxf6 37. Qxf6 Rc1+ 38. Rxc1 Rxc1+ 39. Kxc1 e3 40. Rh1
Qe4 41. Qd8+ Kg7 42. Rd1 e2 43. Re1 Nf4 44. Rg1+ Ng2 45. Qg5+ Kf8 46. Qd8+ Kg7
47. Qg5+ Kf8 48. Qd8+ 1/2-1/2

[Event "22nd European Teams"]
[Site "Batumi GEO"]
[Date "2019.10.30"]
[Round "6.5"]
[Board "4"]
[White "Van Foreest, Lucas"]
[Black "Sanal, Vahap"]
[Result "1/2-1/2"]
[WhiteTitle "GM"]
[BlackTitle "GM"]
[WhiteElo "2531"]
[BlackElo "2545"]
[WhiteTeam "Netherlands"]
[BlackTeam "Turkey"]
[WhiteFideId "1039792"]
[BlackFideId "6300545"]
[EventDate "2019.10.24"]

1. e4 e5 2. Nf3 Nc6 3. d4 exd4 4. Bc4 Nf6 5. e5 Ne4 6. Qe2 Nc5 7. O-O Ne6 8.
Bxe6 dxe6 9. Rd1 Be7 10. Nc3 O-O 11. Nb5 Bd7 12. Nbxd4 Nxd4 13. Rxd4 Qc8 14. Bg5
f6 15. exf6 gxf6 16. Qd3 Be8 17. Bh6 Bg6 18. Rg4 Kf7 19. Qc3 Rd8 20. Rf4 Bf5 21.
Nh4 Bd6 22. Rxf5 exf5 23. Re1 Be5 24. Qf3 Qe6 25. Qh5+ Ke7 26. f4 Qb6+ 27. Kh1
Qf2 28. Rg1 Bxb2 29. Nxf5+ Kd7 30. Rd1+ Kc6 31. Ne7+ Kb6 32. Nd5+ Rxd5 33. Qxd5
Re8 34. Qb3+ Ka5 35. h3 Re1+ 36. Rxe1 Qxe1+ 37. Kh2 Bd4 38. Qa3+ Kb6 39. Qb3+
Ka5 40. Qa3+ Kb6 41. Qb3+ 1/2-1/2

[Event "22nd European Teams"]
[Site "Batumi GEO"]
[Date "2019.10.30"]
[Round "6.6"]
[Board "1"]
[White "Papaioannou, Ioannis"]
[Black "Rodshtein, Maxim"]
[Result "1/2-1/2"]
[WhiteTitle "GM"]
[BlackTitle "GM"]
[WhiteElo "2645"]
[BlackElo "2684"]
[WhiteTeam "Greece"]
[BlackTeam "Israel"]
[WhiteFideId "4201345"]
[BlackFideId "2806851"]
[EventDate "2019.10.24"]

1. e4 e5 2. Nf3 Nc6 3. Bb5 Nf6 4. O-O Nxe4 5. Re1 Nd6 6. Nxe5 Be7 7. Bf1 O-O 8.
Nf3 Nf5 9. d4 d5 10. c3 Bd6 11. Nbd2 Re8 12. Rxe8+ Qxe8 13. Bd3 Bd7 14. Nf1 f6
15. Bd2 Qf7 16. Qc2 g6 17. Re1 b6 18. Qc1 Re8 19. Rxe8+ Qxe8 20. Bf4 Qe7 21.
Bxd6 Qxd6 22. Ne3 Nce7 23. Bxf5 Bxf5 24. Nxf5 Nxf5 25. Qf1 Qf4 26. h3 Nd6 27.
Qe2 Qc1+ 28. Kh2 Kf7 29. Ne1 Qf4+ 30. Kg1 a5 31. Nd3 Qe4 32. Kf1 1/2-1/2

[Event "22nd European Teams"]
[Site "Batumi GEO"]
[Date "2019.10.30"]
[Round "6.6"]
[Board "2"]
[White "Smirin, Ilia"]
[Black "Banikas, Hristos"]
[Result "1/2-1/2"]
[WhiteTitle "GM"]
[BlackTitle "GM"]
[WhiteElo "2599"]
[BlackElo "2597"]
[WhiteTeam "Israel"]
[BlackTeam "Greece"]
[WhiteFideId "2801990"]
[BlackFideId "4202031"]
[EventDate "2019.10.24"]

1. e4 c5 2. Nf3 d6 3. d4 cxd4 4. Nxd4 Nf6 5. Nc3 a6 6. Be2 e5 7. Nb3 Be7 8. O-O
O-O 9. Qd3 Be6 10. Bd2 a5 11. Be3 Nc6 12. a3 a4 13. Nd2 d5 14. exd5 Nxd5 15.
Nxd5 Qxd5 16. Qxd5 Bxd5 17. Nc4 Nd4 18. Bxd4 exd4 19. Nb6 Ra5 20. Nxd5 Rxd5 21.
Rfe1 Rfd8 22. g3 Bf8 23. Bd3 g6 24. Re4 b5 25. Rae1 b4 26. axb4 Bxb4 27. Ra1 Ra5
28. Bc4 Rc5 29. Bd3 Ra5 30. Kg2 Kg7 31. h4 h5 32. Kf1 Bf8 33. Ra2 Bb4 34. Kg2 1/2-1/2

[Event "22nd European Teams"]
[Site "Batumi GEO"]
[Date "2019.10.30"]
[Round "6.6"]
[Board "3"]
[White "Halkias, Stelios"]
[Black "Nabaty, Tamir"]
[Result "1-0"]
[WhiteTitle "GM"]
[BlackTitle "GM"]
[WhiteElo "2530"]
[BlackElo "2658"]
[WhiteTeam "Greece"]
[BlackTeam "Israel"]
[WhiteFideId "4201809"]
[BlackFideId "2809052"]
[EventDate "2019.10.24"]

1. Nf3 d5 2. d4 Nf6 3. c4 e6 4. g3 dxc4 5. Bg2 Bd7 6. Ne5 Nc6 7. Nxc4 b5 8. Ne5
Nxe5 9. dxe5 Nd5 10. O-O Be7 11. a4 bxa4 12. Nc3 Nxc3 13. bxc3 Rb8 14. Rxa4 Bxa4
15. Qxa4+ c6 16. Rd1 Qb6 17. Be3 Qb3 18. Qxc6+ Kf8 19. Rd7 Qb1+ 20. Bf1 g5 21.
Rxe7 Kxe7 22. Qd6+ Ke8 23. Bxg5 Qb7 24. Bf6 a6 25. e4 Qa7 26. Bxa6 Rb1+ 27. Kg2
Qd7 28. Bc8 1-0

[Event "22nd European Teams"]
[Site "Batumi GEO"]
[Date "2019.10.30"]
[Round "6.6"]
[Board "4"]
[White "Mikhalevski, Victor"]
[Black "Mastrovasilis, Athanasios"]
[Result "1-0"]
[WhiteTitle "GM"]
[BlackTitle "GM"]
[WhiteElo "2570"]
[BlackElo "2521"]
[WhiteTeam "Israel"]
[BlackTeam "Greece"]
[WhiteFideId "2801914"]
[BlackFideId "4201990"]
[EventDate "2019.10.24"]

1. c4 c5 2. g3 Nc6 3. Bg2 g6 4. Nc3 Bg7 5. Nf3 d6 6. O-O e6 7. e3 Nge7 8. d4 O-O
9. d5 Na5 10. Nd2 Bd7 11. Rb1 exd5 12. Nxd5 Nxd5 13. Bxd5 Bf5 14. e4 Bh3 15. Re1
Nc6 16. b3 Nb4 17. Bxb7 Rb8 18. Bd5 Nxa2 19. Bb2 Nc3 20. Bxc3 Bxc3 21. Re3 Bd4
22. Rd3 a5 23. g4 Qh4 24. Rg3 Be5 25. Nf3 Bxg4 26. Nxh4 Bxd1 27. Rxd1 Bxg3 28.
hxg3 Rxb3 29. Ra1 Rd8 30. Rxa5 Rd7 31. Ra2 Kf8 32. Kg2 Rb8 33. Nf3 Re7 34. Ra6
Rd8 35. Nd2 Kg7 36. Nb1 Red7 37. Nc3 Kf8 38. Kf3 h5 39. Bc6 Re7 40. Nd5 Re6 41.
Ra7 Rb8 42. Bb5 Kg7 43. Nf4 Rf6 44. Ke3 Kf8 45. Ra3 Rb7 46. f3 Kg7 47. Ra2 Kh6
48. Ra8 Kg7 49. Ra3 Kh6 50. Bc6 Rb1 51. Bd7 g5 52. Nd5 Rg6 53. Ne7 Rb7 54. Nf5+
Kh7 55. Bb5 Re6 56. Ra8 Rf6 57. g4 h4 58. f4 gxf4+ 59. Kxf4 Rb6 60. Ra7 h3 61.
Ra3 h2 62. Rh3+ Kg8 63. Rxh2 Rb7 64. Ra2 Rb8 65. Ra6 Rd8 66. Ra7 Kf8 67. Bc6 1-0

[Event "22nd European Teams"]
[Site "Batumi GEO"]
[Date "2019.10.30"]
[Round "6.7"]
[Board "2"]
[White "Laznicka, Viktor"]
[Black "Cheparinov, Ivan"]
[Result "1/2-1/2"]
[WhiteTitle "GM"]
[BlackTitle "GM"]
[WhiteElo "2667"]
[BlackElo "2670"]
[WhiteTeam "Czech Republic"]
[BlackTeam "Georgia"]
[WhiteFideId "316385"]
[BlackFideId "2905540"]
[EventDate "2019.10.24"]

1. c4 c5 2. Nf3 Nc6 3. g3 e5 4. Nc3 g6 5. Bg2 Bg7 6. O-O Nge7 7. Ne1 d6 8. Nc2
O-O 9. d3 Be6 10. Ne3 Qd7 11. Rb1 Bh3 12. Ned5 Bxg2 13. Kxg2 f5 14. b4 Nxd5 15.
Nxd5 f4 16. f3 Rae8 17. bxc5 dxc5 18. Nc3 h5 19. Ne4 b6 20. Rg1 Bh6 21. Kh1 Kh7
22. Bd2 Nd4 23. a4 Re6 24. a5 Rf7 25. axb6 axb6 26. Bc3 Nf5 27. gxf4 exf4 28.
Ra1 Qc8 29. Ra2 Nd6 30. Qa1 Nxe4 31. dxe4 Qb7 32. Ra8 Bf8 33. Rg5 Rd6 34. Qa4
Qc6 35. Qxc6 Rxc6 36. Rd5 Bg7 37. Bxg7 Kxg7 38. Kg2 Rcc7 39. Ra6 Rf6 40. h4 Rb7
41. Kf2 Kf7 42. Ke1 Re6 43. Ra8 Re8 44. Ra2 Re6 45. Kd2 b5 46. Rxc5 bxc4 47. Kc3
Rd6 48. Ra4 Rb3+ 49. Kxc4 Rb1 50. Rd5 Rc6+ 51. Kd4 Ke6 52. Ra3 Rd1+ 53. Rd3 Rdc1
54. Rb3 Rd1+ 55. Rd3 1/2-1/2

[Event "22nd European Teams"]
[Site "Batumi GEO"]
[Date "2019.10.30"]
[Round "6.7"]
[Board "3"]
[White "Pantsulaia, Levan"]
[Black "Nguyen, Thai Dai Van"]
[Result "1/2-1/2"]
[WhiteTitle "GM"]
[BlackTitle "GM"]
[WhiteElo "2603"]
[BlackElo "2545"]
[WhiteTeam "Georgia"]
[BlackTeam "Czech Republic"]
[WhiteFideId "13602071"]
[BlackFideId "358878"]
[EventDate "2019.10.24"]

1. Nf3 d5 2. g3 Nf6 3. Bg2 e6 4. O-O Be7 5. c4 O-O 6. d4 dxc4 7. Ne5 Nc6 8. Nxc6
bxc6 9. Na3 Bxa3 10. bxa3 Ba6 11. Qd2 Rb8 12. Qa5 Qc8 13. a4 Rd8 14. Rd1 c3 15.
Qxc3 Bxe2 16. Re1 Qa6 17. Qxc6 Nd5 18. Qxa6 Bxa6 19. Ba3 Nc3 20. Bc5 Bb7 21.
Bxa7 Ra8 22. Bxb7 Rxa7 23. Rac1 Rxb7 24. Rxc3 Rxd4 25. Rb3 Rxb3 26. axb3 Rb4 27.
Re3 Kf8 28. Rc3 c5 29. Kf1 c4 30. Rxc4 Rxb3 31. Ke2 Rb2+ 32. Ke3 Ke7 33. h4 Kd6
34. Rd4+ Kc6 35. Rd8 Rb3+ 36. Ke2 h5 37. Rd3 Rb4 38. Ra3 f6 39. a5 Kb7 40. Rd3
Rg4 41. Rd6 e5 42. Re6 Kc7 43. a6 Kd7 44. Rb6 Ra4 45. Rb7+ Ke6 46. Rxg7 Rxa6 47.
Rh7 Kf5 48. Rxh5+ Kg4 49. Rh6 Ra2+ 50. Kf1 f5 51. Kg2 f4 52. Rg6+ Kf5 53. h5
fxg3 54. Rxg3 Ra6 55. Kh3 Ra1 56. Kh2 Ra6 57. Rh3 Kg5 58. Kg2 Rh6 59. Kf3 Rxh5
60. Rxh5+ Kxh5 61. Ke4 1/2-1/2

[Event "22nd European Teams"]
[Site "Batumi GEO"]
[Date "2019.10.30"]
[Round "6.7"]
[Board "4"]
[White "Michalik, Peter"]
[Black "Quparadze, Giga"]
[Result "1/2-1/2"]
[WhiteTitle "GM"]
[BlackTitle "GM"]
[WhiteElo "2578"]
[BlackElo "2457"]
[WhiteTeam "Czech Republic"]
[BlackTeam "Georgia"]
[WhiteFideId "14907526"]
[BlackFideId "13602250"]
[EventDate "2019.10.24"]

1. e4 c5 2. Nf3 e6 3. d4 cxd4 4. Nxd4 a6 5. c4 Nf6 6. Nc3 Bb4 7. Qd3 d5 8. exd5
exd5 9. Be2 Nc6 10. O-O O-O 11. Nxc6 bxc6 12. cxd5 Nxd5 13. Nxd5 Qxd5 14. Qg3
Bd6 15. Bf4 Bxf4 16. Qxf4 Be6 17. Rfc1 Qd7 18. Bf3 Bd5 19. Qd4 Rfd8 20. Bxd5
Qxd5 21. Qxd5 cxd5 22. Rc5 g6 23. Rd1 Rab8 24. b3 Rb5 25. Rxb5 axb5 26. Rd4 Kg7
27. Kf1 Kf6 28. Rb4 Rc8 29. Rxb5 Ke5 30. a4 Ke4 31. Ke1 Rc2 32. f3+ Ke3 33. Rxd5
Rxg2 34. Re5+ Kxf3 35. Re7 Rxh2 36. Rxf7+ Ke3 37. Re7+ Kf3 38. a5 Ra2 39. Rf7+
Ke3 40. Re7+ Kf3 41. Rf7+ 1/2-1/2

[Event "22nd European Teams"]
[Site "Batumi GEO"]
[Date "2019.10.30"]
[Round "6.8"]
[Board "1"]
[White "Bogner, Sebastian"]
[Black "Tari, Aryan"]
[Result "1/2-1/2"]
[WhiteTitle "GM"]
[BlackTitle "GM"]
[WhiteElo "2571"]
[BlackElo "2630"]
[WhiteTeam "Switzerland"]
[BlackTeam "Norway"]
[WhiteFideId "4692055"]
[BlackFideId "1510045"]
[EventDate "2019.10.24"]

1. Nf3 d5 2. d4 Nf6 3. c4 e6 4. g3 Bb4+ 5. Bd2 Be7 6. Bg2 O-O 7. O-O Nbd7 8. Qc2
c6 9. Rd1 a5 10. Bf4 Nh5 11. Bc1 Nhf6 12. Nbd2 b6 13. e4 Bb7 14. b3 Qb8 15. e5
Ne8 16. Nf1 Nc7 17. Bg5 Qd8 18. h4 c5 19. Bf4 h6 20. h5 a4 21. N1h2 Ra7 22. Rac1
axb3 23. axb3 Qa8 24. Qd2 Rd8 25. Bxh6 gxh6 26. Qxh6 Ne8 27. Ng4 Ng7 28. Ng5
Bxg5 29. Qxg5 Kh7 30. Qh6+ Kg8 31. Qg5 Kh7 32. cxd5 Bxd5 33. Qh6+ Kg8 34. Qg5
Kh7 35. Qh6+ Kg8 36. Qg5 1/2-1/2

[Event "22nd European Teams"]
[Site "Batumi GEO"]
[Date "2019.10.30"]
[Round "6.8"]
[Board "2"]
[White "Salomon, Johan"]
[Black "Pelletier, Yannick"]
[Result "1/2-1/2"]
[WhiteTitle "GM"]
[BlackTitle "GM"]
[WhiteElo "2507"]
[BlackElo "2555"]
[WhiteTeam "Norway"]
[BlackTeam "Switzerland"]
[WhiteFideId "1509500"]
[BlackFideId "1301837"]
[EventDate "2019.10.24"]

1. Nf3 Nf6 2. g3 d5 3. Bg2 c6 4. O-O Bg4 5. h3 Bh5 6. c4 e6 7. d4 Nbd7 8. cxd5
exd5 9. Nh4 Bg6 10. Nc3 Be7 11. Nxg6 hxg6 12. h4 O-O 13. Bf3 Re8 14. Kg2 Nb6 15.
Rh1 Qd7 16. Bg5 Nc4 17. Qc2 Qf5 18. Rac1 Ng4 19. Qxf5 gxf5 20. b3 Nd6 21. Rc2
Rad8 22. e3 g6 23. Bxe7 Rxe7 24. Bxg4 fxg4 25. Na4 f6 26. Nc5 Rh7 27. Rcc1 Re8
28. a4 Kf8 29. Rhe1 Ree7 30. Nd3 Rh8 31. Kf1 Kf7 32. Ke2 Ke6 33. Nc5+ Kf5 34.
Rf1 g5 35. hxg5 fxg5 36. Rg1 Rh2 37. Nd3 Reh7 38. b4 Nc4 39. b5 Re7 40. Ne5 Nxe5
41. dxe5 Rc7 42. a5 c5 43. Rgd1 Kxe5 44. Rd4 Rxf2+ 45. Kxf2 Rf7+ 46. Rf4 gxf4
47. gxf4+ Kd6 48. Kg3 Re7 49. Rc3 c4 50. Kxg4 Kc5 51. Kf3 Kb4 52. Rc1 c3 53. Ke2
d4 54. Kd3 Rxe3+ 55. Kxd4 Rh3 56. f5 Kb3 57. Rf1 c2 58. f6 Kb2 59. f7 Rh8 60.
Kd5 c1=Q 61. Rxc1 Kxc1 62. Kd6 Kc2 63. Kc7 Kc3 64. Kxb7 Kb4 65. b6 axb6 66. axb6
Kc5 67. Kc7 Rf8 68. b7 Rxf7+ 69. Kb8 Rf2 70. Kc7 Rf7+ 71. Kb8 Kc6 72. Ka8 Rxb7 1/2-1/2